Top 100 My Anime List - Statistics

General Stats
  • This quiz has been taken 480 times
  • The average score is 35 of 100
Answer Stats
Answer % Correct
9. Naruto
89%
27. One Piece
89%
2. Shingeki no Kyojin
84%
98. K
83%
1. Death Note
79%
85. Dragon Ball
78%
26. Bleach
77%
7. Boku no Hero Academia
70%
40. Fullmetal Alchemist
70%
4. Fullmetal Alchemist: Brotherhood
70%
37. Demon Slayer
69%
14. Hunter x Hunter
69%
49. Haikyuu
63%
5. One Punch Man
63%
3. Sword Art Online
61%
6. Tokyo Ghoul
60%
24. Fairy Tail
56%
13. Code Geass: Hangyaku no Lelouch
54%
60. JoJo's Bizarre Adventure
53%
83. Black Clover
48%
80. Gintama
46%
8. Steins;Gate
46%
19. Re:ZERO Starting Life in Another World
45%
63. Dragon Ball Z
44%
30. Cowboy Bebop
43%
11. Your Name
43%
77. K-On!
42%
21. Your Lie in April
42%
38. Assassination Classroom
41%
18. Naruto: Shippuuden
41%
22. Akame ga Kill!
40%
65. Black Butler
39%
42. Food Wars
39%
28. Kill la Kill
39%
75. Kuroko no Basket
39%
39. Mob Psycho 100
39%
16. Toradora
39%
12. Angel Beats!
38%
54. High School DxD
37%
23. The Seven Deadly Sins
37%
25. ERASED
36%
20. Blue Exorcist
35%
48. Fate/zero
35%
56. Violet Evergarden
35%
29. A Silent Voice
34%
82. Fate/stay night
34%
46. Neon Genesis Evangelion
34%
72. Dr. Stone
33%
10. No Game No Life
33%
32. Spirited Away
33%
74. Kaguya-sama: Love is War
32%
84. Kakegurui
31%
17. Noragami
31%
97. Fire Force
30%
47. Clannad
29%
96. Fruits Basket
29%
43. Highschool of the Dead
27%
99. Monster
27%
52. Overlord
27%
31. Soul Eater
27%
58. The Promised Neverland
27%
35. Another
26%
41. Death Parade
26%
36. Parasyte -the maxim-
26%
86. Bungou Stray Dogs
25%
15. The Future Diary
25%
100. InuYasha
24%
62. Darling in the FranXX
23%
34. Elfen Lied
23%
44. Anohana: The Flower We Saw That Day
22%
45. Durarara!!
22%
71. Ouran High School Host Club
22%
33. Psycho-Pass
22%
66. Princess Mononoke
19%
61. Samurai Champloo
19%
67. Seraph of the End
18%
53. Charlotte
17%
68. Kaichou wa Maid-sama!
17%
95. Dororo
16%
90. Black Lagoon
15%
87. Baccano!
14%
50. Bakemonogatari
14%
93. Danganronpa
14%
57. Deadman Wonderland
14%
55. Guilty Crown
14%
76. Darker than Black
12%
64. Log Horizon
12%
51. The Devil is a Part-Timer!
12%
88. Black Bullet
11%
78. Magi: The Labyrinth of Magic
11%
89. ReLIFE
10%
92. Prison School
9%
59. Hyouka
8%
73. Rascal Does Not Dream of Bunny Girl Senpai
7%
70. Terror in Resonance
7%
69. The Rising of the Shield Hero
7%
79. My Little Monster
6%
94. Plastic Memories
6%
91. 5 Centimeters Per Second
3%
81. The Irregular at Magic High School
3%
No matching quizzes found
Score Distribution
Percent of People with Each Score
Percentile by Number Answered
Your Score History
You have not taken this quiz